| 000 | 01081nam0a22002291 4500 | ||
|---|---|---|---|
| 001 | rc\2649186 | ||
| 005 | 20250529191317.0 | ||
| 035 | _a(NLR Aleph) 006956756 | ||
| 090 |
_a5301520 _c5301520 |
||
| 100 | _a20110614d1931 |||y0rusy50 ca | ||
| 101 | 0 | _arus | |
| 102 | _aRU | ||
| 105 | _ay z ||||| | ||
| 200 | 1 |
_aОб итогах перестройки краевых организаций после ликвидации округов и меры по укреплению районов _fВсесоюз. ком. партия (большевиков). IV пленум Далькрайкома ВКП(б) 25-28 мая 1931 г. |
|
| 210 |
_aМосква _aХабаровск _cОгиз - Далькрайотделение _d1931 _eХабаровск _gтипо-литогр. № 2, Дальполиграфтреста |
||
| 215 |
_a44 с. _d18 см |
||
| 710 | 0 | 2 |
_aВКП(Б) _bДальневосточный краевой комитет _bПленум _f1931. Май |
| 801 | 0 |
_aRU _bNLR _gpsbo |
|
| 801 | 1 |
_aRU _bELAR _2rusmarc |
|
| 852 |
_aNLR _j32-8/4603 |
||
| 942 | _cBOOK | ||
| 980 | _aNB | ||